000 01108nam0a2200313 4500
001 RU\NLR\bibl\465558
005 20250623185025.0
010 _a5-94871-010-6
_95000
021 _aRU
_b2003-56331
_92743
035 _a(NLR Aleph) 000458901
090 _a921184
_c921184
100 _a20031127d2003 |||y0rusy50 ca
101 0 _arus
102 _aRU
105 _aa |||||||||
200 1 _aВласти-мордасти
_fЮрий Борев
210 _aСПб.
_cПропаганда
_d2003
215 _a350, [1] с.
_cил.
_d21
606 0 _aГосударственные и политические деятели
_yСССР
_91456462
_3RU\NLR\auth\66307824
606 0 _aГосударственные и политические деятели
_yРоссийская Федерация
_91576317
_3RU\NLR\auth\66990609
686 _aШ3(2=1Р)72-670
686 _aТ3(2)7-8
700 1 _aБорев
_bЮ. Б.
_f1925-2019
_gЮрий Борисович
_4070
801 0 _aRU
_bNLR
_c20031127
_gPSBO
801 1 _aRU
_bNLR
_c20031127
942 _cBOOK
980 _aNB